Oceanography and civil engineering. /

Guardado en:
Autor Principal: Panzarini, Rodolfo N.
Formato: Libro
Idioma:English
Publicado: Buenos Aires : Imp. López, 1952.
Etiquetas: Agregar Etiqueta
Sin Etiquetas, Sea el primero en etiquetar este registro!
LEADER 00439nam a22001455a 4500
001 EUN.um021221
003 AR-BaUNS
005 20050623122900.0
008 041125s1952####ag############000#0#eng#d
245 1 0 |a Oceanography and civil engineering. /  |c Rodolfo N. Panzarini. 
260 |a Buenos Aires :  |b Imp. López,  |c 1952. 
300 |a 37 p. 
100 1 |a Panzarini, Rodolfo N. 
082 0 4 |a 551.46 
859 |a Ar-BaUNS  |b BIB. CENTRAL - Sector C  |h 551.46  |i P196  |p 247/953